| 000 | 00565nam a2200193Ia 4500 | ||
|---|---|---|---|
| 003 | GCL | ||
| 008 | 140319s9999 xx 000 0 eng d | ||
| 040 |
_aGCL / _cGCL |
||
| 082 | 0 | 4 |
_aP _b381.3091 _bR Q |
| 100 | 1 | _aROTTENBERY, SIMAN | |
| 245 | 1 | 0 |
_aQUALITY CONTEROLS OF TRADED COMMODITIES AND SERVICES IN DEVELOPING COUNTRIES / _cROTTENBERY, SIMAN |
| 700 | 1 | _aYANDLE, BRUCE | |
| 260 |
_a[S.N] : _bTHE WORLD BANK ، _c1988 |
||
| 300 | _a216 P | ||
| 650 | 0 | 4 | _aTRADE REYULATION |
| 650 | 0 | 4 | _aGOVERNMENT POLICY |
| 650 | 0 | 4 | _aDEVELOPING COUNTRIES |
| 942 |
_2ddc _cCR |
||
| 999 |
_c25883 _d25883 |
||